000 00501nam a2200157 i 4500
001 31312
003 ES-MaACL
005 20230906154345.0
007 t|
008 030128s1903 fr ||||1| fre d
100 1 _aBel, Alfred.
_927106
245 1 4 _aLes Benou Ghânya, derniers représentants de l'empire almoravide, et leur lutte contre l'empire almohade /
_cAlfred Bel.
260 _aAngers :
_b[s.n.,
_c1903] (
_fA. Burdin et C.)
300 _aXXVII, 251 p. ;
_c25 cm.
852 _aES-MaACL
_jC-1100
999 _c31312
_d31312